00632nam a2200157 a 450000100100000000500170001000800410002702000180006804000250008610000480011124501690015926000440032830000260037250000420039870000340044000004060720201002034240.0130903s2012 dr 000 0 spa d a9789945883237 aDO-SdBNPbspacBNPHU1 aGarcía Santamaría, Martha Olga Georgina10aAproximación a los derechos fundamentales con trasversalización de género y edad /cMartha Olga Georgina García Santamaría ; prólogo Rossina de la Cruz. aSanto Domingo :bPoder Judicial,c2012. a182 p. + CD ;c24 cm. aIncluye notas al pie de las páginas1 aCruz, Rossina de la,epról.